[Event "Ligue Elite du Dimanche - 1/2 Final"]
[Site "Montreal CAN"]
[Date "2019.11.17"]
[Round "1.9"]
[White "Wang, Rachel"]
[Black "Alcantara, Maximo jr"]
[Result "1-0"]
[WhiteElo "1810"]
[BlackElo "1688"]
[PlyCount "101"]
[EventDate "2019.11.17"]
[EventType "team"]
[EventRounds "1"]
[EventCountry "CAN"]
[WhiteTeam "Be4"]
[BlackTeam "Desperados"]

1. d4 c6 2. c4 d5 3. Nc3 Nf6 4. Nf3 g6 5. Bf4 Bg7 6. e3 O-O 7. Bd3 a6 8. a4
Nbd7 9. cxd5 cxd5 10. O-O e6 11. h3 Qb6 12. Qd2 Nb8 13. a5 Qd8 14. Na4 Nfd7 15.
Rfc1 Nc6 16. Nc5 Nxc5 17. Rxc5 Re8 18. Ne5 Nxe5 19. Bxe5 Bxe5 20. dxe5 Bd7 21.
Rac1 Bc6 22. Qb4 Qd7 23. Ra1 Rec8 24. Ra3 Qd8 25. Rac3 Qg5 26. Qd4 Qe7 27. b4
Qd7 28. Be2 Rd8 29. Bf3 Qe7 30. Rd3 Rac8 31. Qc3 Kg7 32. Rd4 Qd7 33. e4 Qe8 34.
exd5 exd5 35. Rd3 Kg8 36. Bxd5 Bb5 37. Rf3 Rxc5 38. Qxc5 Rxd5 39. Qxd5 Bc6 40.
Qd3 Bxf3 41. Qxf3 Qc6 42. Qxc6 bxc6 43. f4 Kf8 44. Kf2 Ke7 45. Ke3 h6 46. Kd4
g5 47. fxg5 hxg5 48. Kc5 Ke6 49. Kxc6 Kxe5 50. b5 axb5 51. Kxb5 1-0

[Event "Ligue Elite du Dimanche - 1/4 Final"]
[Site "Montreal CAN"]
[Date "2019.11.17"]
[Round "1.1"]
[White "Zhong, Kevin"]
[Black "Tanaka, Tyler"]
[Result "1/2-1/2"]
[WhiteElo "2217"]
[BlackElo "2317"]
[PlyCount "78"]
[EventDate "2019.11.17"]
[EventType "team"]
[EventRounds "1"]
[EventCountry "CAN"]
[WhiteTeam "Kingscrusher"]
[BlackTeam "Les Roches Canadiennes"]

1. d4 Nf6 2. c4 e5 3. dxe5 Ng4 4. Nf3 Bc5 5. e3 Nc6 6. Nc3 Ngxe5 7. Be2 O-O 8.
O-O Re8 9. b3 a5 10. Bb2 d6 11. a3 Nxf3+ 12. Bxf3 Ne5 13. Ne4 Bb6 14. Rc1 Bf5
15. Ng3 Bg6 16. Bxe5 Rxe5 17. Bxb7 Rb8 18. Bd5 Bc5 19. Ra1 h5 20. Ne2 Qf6 21.
Nf4 h4 22. Nxg6 Qxg6 23. h3 Kh7 24. Kh1 f5 25. Rg1 Qh6 26. Qc2 Kh8 27. g3 hxg3
28. Rxg3 f4 29. exf4 Rh5 30. Kg2 Qxf4 31. Re1 Rf8 32. Re2 Rg5 33. Rxg5 Qxg5+
34. Kf1 Qh4 35. Bg2 Qd4 36. Bf3 Qf4 37. Bg2 Qd4 38. Bf3 Qf4 39. Bg2 Qd4 1/2-1/2

[Event "Ligue Elite du Dimanche - 1/4 Final"]
[Site "Montreal CAN"]
[Date "2019.11.17"]
[Round "1.2"]
[White "Li, James"]
[Black "Nunez-Painchaud, Raphael"]
[Result "1/2-1/2"]
[WhiteElo "2112"]
[BlackElo "2213"]
[PlyCount "89"]
[EventDate "2019.11.17"]
[EventType "team"]
[EventRounds "1"]
[EventCountry "CAN"]
[WhiteTeam "Les Roches Canadiennes"]
[BlackTeam "Kingscrusher"]

1. e4 c5 2. Nf3 Nc6 3. Nc3 e5 4. Bc4 Be7 5. O-O Nf6 6. d3 d6 7. Ng5 O-O 8. f4
h6 9. Nf3 exf4 10. Bxf4 a6 11. a4 Be6 12. Bxe6 fxe6 13. e5 dxe5 14. Bg3 c4 15.
Kh1 cxd3 16. cxd3 Bd6 17. Qb3 Qe7 18. Rfe1 Rae8 19. Ne4 Nxe4 20. Rxe4 Nd4 21.
Nxd4 exd4 22. Rae1 Kh8 23. Bxd6 Qxd6 24. Qxb7 Rb8 25. Qa7 e5 26. h3 Rxb2 27.
Rg4 Qf6 28. Qc7 Rd2 29. Rxe5 g5 30. Re7 Rxd3 31. Rh7+ Kg8 32. Qc4+ Kxh7 33.
Qxd3+ Kg7 34. Rxd4 Qf1+ 35. Qxf1 Rxf1+ 36. Kh2 h5 37. Kg3 Kg6 38. h4 Rf6 39.
hxg5 Kxg5 40. Rd5+ Kg6 41. a5 Rc6 42. Kh4 Rc4+ 43. Kh3 Rc3+ 44. Kh4 Rc4+ 45.
Kh3 1/2-1/2

[Event "Ligue Elite du Dimanche - 1/4 Final"]
[Site "Montreal CAN"]
[Date "2019.11.17"]
[Round "1.3"]
[White "Farahdel, Anahita"]
[Black "Lafleche, Alain"]
[Result "0-1"]
[WhiteElo "1551"]
[BlackElo "1604"]
[PlyCount "60"]
[EventDate "2019.11.17"]
[EventType "team"]
[EventRounds "1"]
[EventCountry "CAN"]
[WhiteTeam "Kingscrusher"]
[BlackTeam "Les Roches Canadiennes"]

1. d4 d5 2. c4 Nc6 3. Nf3 Bg4 4. Bf4 Nf6 5. Nc3 a6 6. h3 Bxf3 7. exf3 e6 8. Rc1
dxc4 9. Bxc4 Qxd4 10. Qxd4 Nxd4 11. Rd1 O-O-O 12. O-O Be7 13. Ne4 b5 14. Bd3
Nd5 15. Bd2 h6 16. Rc1 Nb4 17. Bxb4 Bxb4 18. Rfd1 Rd5 19. Nc3 Rd7 20. Ne4 Rhd8
21. Nc5 Bxc5 22. Rxc5 Nxf3+ 23. gxf3 Rxd3 24. Rxd3 Rxd3 25. Rc3 Rd6 26. Kf1 Kb7
27. Ke2 Kb6 28. b4 Rd5 29. a3 c5 30. f4 cxb4 0-1

[Event "Ligue Elite du Dimanche - 1/4 Final"]
[Site "Montreal CAN"]
[Date "2019.11.17"]
[Round "1.7"]
[White "Saha, Ananda"]
[Black "Huang, Qiuyu"]
[Result "0-1"]
[WhiteElo "2192"]
[BlackElo "2217"]
[PlyCount "98"]
[EventDate "2019.11.17"]
[EventType "team"]
[EventRounds "1"]
[EventCountry "CAN"]
[WhiteTeam "Desperados"]
[BlackTeam "DeepBlue"]

1. e4 c5 2. Nf3 Nc6 3. Bb5 g6 4. Bxc6 bxc6 5. O-O Bg7 6. Re1 Nh6 7. c3 O-O 8.
d4 cxd4 9. cxd4 d5 10. e5 f6 11. exf6 exf6 12. Nbd2 Qd6 13. Nb3 Bf5 14. Nc5
Rae8 15. Bd2 Bg4 16. Nd3 Rxe1+ 17. Bxe1 Re8 18. h3 Bf5 19. Bb4 Qb8 20. Ba3 Qb5
21. Nc5 Nf7 22. Qb3 Nd6 23. Qxb5 cxb5 24. Na6 Nc4 25. Nc7 Rb8 26. Bc5 Nxb2 27.
Nxd5 Be4 28. Ne7+ Kf7 29. Nd2 Ba8 30. Bxa7 Re8 31. Bc5 Bf8 32. Rb1 Nd3 33. Rxb5
Nxc5 34. dxc5 Kxe7 35. Rb6 Bd5 36. Nb3 Rc8 37. Ra6 Kf7 38. Ra7+ Be7 39. Nd4
Rxc5 40. a4 Ke8 41. Nb5 Kd8 42. Kh2 Rc8 43. Kg3 Ra8 44. Rxa8+ Bxa8 45. a5 Bb7
46. Nd4 Bb4 47. a6 Bd6+ 48. f4 Bxa6 49. Kh4 Bxf4 0-1

[Event "Ligue Elite du Dimanche - 1/4 Final"]
[Site "Montreal CAN"]
[Date "2019.11.17"]
[Round "1.8"]
[White "Wu, Tony (Dongze)"]
[Black "Steinberg, Ellis"]
[Result "1-0"]
[WhiteElo "2017"]
[BlackElo "2034"]
[PlyCount "75"]
[EventDate "2019.11.17"]
[EventType "team"]
[EventRounds "1"]
[EventCountry "CAN"]
[WhiteTeam "DeepBlue"]
[BlackTeam "Desperados"]

1. d4 Nf6 2. g3 g6 3. Bg2 Bg7 4. Nf3 d6 5. O-O O-O 6. b3 c5 7. Bb2 cxd4 8. Nxd4
d5 9. Na3 Re8 10. c4 e5 11. Ndc2 d4 12. f4 exf4 13. Rxf4 Nh5 14. Re4 d3 15.
Bxg7 dxc2 16. Qxd8 Rxd8 17. Bb2 Nc6 18. Kf2 Bf5 19. Re3 Rd1 20. Rc3 Re8 21. Bf3
Nd4 22. Rc1 Nf6 23. R3xc2 Bxc2 24. Rxd1 Bxd1 25. Bxd4 Ne4+ 26. Ke1 Ng5 27. Kxd1
Rd8 28. Nc2 Ne6 29. e3 b6 30. Ke2 Nxd4+ 31. exd4 Kf8 32. d5 Ke7 33. Nd4 Kd6 34.
Kd3 Re8 35. Nb5+ Kc5 36. Nxa7 Ra8 37. Nb5 Rxa2 38. Kc3 1-0

[Event "Ligue Elite du Dimanche - 1/4 Final"]
[Site "Montreal CAN"]
[Date "2019.11.17"]
[Round "1.9"]
[White "Alcantara, Maximo jr"]
[Black "Pelletier, Arnaud"]
[Result "1/2-1/2"]
[WhiteElo "1688"]
[BlackElo "1725"]
[PlyCount "118"]
[EventDate "2019.11.17"]
[EventType "team"]
[EventRounds "1"]
[EventCountry "CAN"]
[WhiteTeam "Desperados"]
[BlackTeam "DeepBlue"]

1. Nf3 Nf6 2. d4 d5 3. g3 e6 4. Bg2 c5 5. c3 Nc6 6. O-O Be7 7. Nbd2 b6 8. Re1
O-O 9. e4 dxe4 10. Nxe4 Nxe4 11. Rxe4 Bb7 12. Re1 Rc8 13. Be3 cxd4 14. Nxd4 Ba8
15. Qa4 Nxd4 16. Bxd4 Bxg2 17. Kxg2 Qc7 18. Rad1 Bd6 19. Qb5 Qb7+ 20. Kg1 Bc5
21. Be3 Bxe3 22. Rxe3 Rc5 23. Qd7 Qa6 24. a3 Qb5 25. Qxb5 Rxb5 26. b4 Rd5 27.
Rxd5 exd5 28. Kf1 Rc8 29. Ke2 Kf8 30. Kd3 f6 31. Kd4 Rd8 32. Re6 Kf7 33. Rc6
Rd7 34. a4 Ke7 35. a5 bxa5 36. bxa5 Kf7 37. Kc5 Re7 38. Kxd5 Re5+ 39. Kd4 Rxa5
40. c4 Ra2 41. Ke3 a5 42. Ra6 a4 43. c5 a3 44. c6 Rc2 45. Rxa3 Rxc6 46. h4 Re6+
47. Kf3 h6 48. h5 g5 49. Ra7+ Kg8 50. Kg4 Re5 51. Kf3 f5 52. Ra6 Kg7 53. Rg6+
Kh7 54. Rd6 Rb5 55. Rd7+ Kg8 56. Rd4 Re5 57. Rd3 Kg7 58. Rd7+ Kg8 59. Rd3 Kg7
1/2-1/2

[Event "Ligue Elite du Dimanche - Final"]
[Site "Montreal CAN"]
[Date "2019.12.08"]
[Round "1.2"]
[White "Guipi Bopala, Prince Eric jr"]
[Black "Yan, Alex Jikai"]
[Result "1/2-1/2"]
[WhiteElo "1915"]
[BlackElo "1863"]
[PlyCount "53"]
[EventDate "2019.12.08"]
[EventType "team"]
[EventRounds "1"]
[EventCountry "CAN"]
[WhiteTeam "Be4"]
[BlackTeam "Allez les Bleus"]

1. d4 Nf6 2. Nf3 d5 3. c4 e6 4. g3 dxc4 5. Bg2 c5 6. Qa4+ Bd7 7. Qxc4 Nc6 8.
O-O cxd4 9. Nxd4 Rc8 10. Nc3 Be7 11. Rd1 Nxd4 12. Qxd4 Bc5 13. Qd3 O-O 14. Bg5
Bc6 15. Qxd8 Rfxd8 16. Bxc6 bxc6 17. Rxd8+ Rxd8 18. Ne4 Bd4 19. Rd1 Bb6 20.
Nxf6+ gxf6 21. Rxd8+ Bxd8 22. Be3 a6 23. Kg2 Kg7 24. Kf3 f5 25. Bc5 Kf6 26. Ke3
Ke5 27. Kd3 1/2-1/2

[Event "Ligue Elite du Dimanche - Final"]
[Site "Montreal CAN"]
[Date "2019.12.08"]
[Round "1.3"]
[White "Wang, Isabelle"]
[Black "Wang, Rachel"]
[Result "1-0"]
[WhiteElo "1669"]
[BlackElo "1810"]
[PlyCount "109"]
[EventDate "2019.12.08"]
[EventType "team"]
[EventRounds "1"]
[EventCountry "CAN"]
[WhiteTeam "Allez les Bleus"]
[BlackTeam "Be4"]

1. e4 c5 2. Nf3 Nc6 3. d4 cxd4 4. Nxd4 Nf6 5. Nc3 e5 6. Ndb5 d6 7. Bg5 a6 8.
Na3 b5 9. Bxf6 gxf6 10. Nd5 Be6 11. Bd3 f5 12. Qh5 Bg7 13. c3 f4 14. O-O O-O
15. Nc2 Ne7 16. Nxe7+ Qxe7 17. Rfe1 Qd7 18. Nb4 Bg4 19. Qh4 f3 20. Nd5 f5 21.
exf5 Bxf5 22. Bxf5 Rxf5 23. Ne7+ Kh8 24. Nxf5 Qxf5 25. Qe4 Qxe4 26. Rxe4 fxg2
27. Kxg2 d5 28. Rg4 d4 29. cxd4 exd4 30. Rd1 Rc8 31. Rd2 Rd8 32. Rd3 Rc8 33.
Rd2 Rd8 34. Re4 Kg8 35. f4 Kf7 36. Kf3 Rd6 37. Re1 Bf6 38. Rd3 Rc6 39. Re2 Rd6
40. b3 Rc6 41. Red2 b4 42. Ke4 a5 43. Rh3 Kg7 44. Rg2+ Kh8 45. Rhg3 Rc8 46. Kf5
Be7 47. Ke6 Bc5 48. f5 h6 49. f6 Rd8 50. Rg6 Kh7 51. Rg7+ Kh8 52. R2g6 Rd6+ 53.
Ke5 Rxf6 54. Kxf6 Be7+ 55. Kxe7 1-0

[Event "Ligue Elite du Dimanche - Final"]
[Site "Montreal CAN"]
[Date "2019.12.08"]
[Round "1.4"]
[White "Duval, Mathieu"]
[Black "Fernandez Busto, Edouard"]
[Result "1-0"]
[WhiteElo "1245"]
[BlackElo "1341"]
[PlyCount "155"]
[EventDate "2019.12.08"]
[EventType "team"]
[EventRounds "1"]
[EventCountry "CAN"]
[WhiteTeam "Be4"]
[BlackTeam "Allez les Bleus"]

1. d4 d5 2. c4 e6 3. Nc3 Nf6 4. Bg5 Be7 5. cxd5 exd5 6. e3 O-O 7. Nf3 Nc6 8.
Bb5 Be6 9. O-O h6 10. Bxf6 Bxf6 11. Qa4 Ne7 12. Qb3 c6 13. Bd3 Qc7 14. Rac1 Qd7
15. h3 Rfc8 16. Rc2 Rc7 17. Ne2 Bf5 18. Bxf5 Qxf5 19. Rfc1 Qd7 20. Nf4 Rac8 21.
Nh5 Qe6 22. Nxf6+ Qxf6 23. Ne5 Ng6 24. Nxg6 Qxg6 25. Qa4 b6 26. Qb3 Qd6 27. Qd3
c5 28. Qa3 Qe7 29. b3 f6 30. Kf1 Kf7 31. dxc5 Rxc5 32. Rxc5 Rxc5 33. Rxc5 bxc5
34. Qa5 Ke6 35. Qd2 Qd6 36. Ke2 Kf7 37. Qa5 Qb6 38. Qd2 Qa6+ 39. Kf3 Ke6 40.
Qc2 Qc6 41. g4 Kf7 42. Ke2 Qa6+ 43. Kf3 c4 44. bxc4 dxc4 45. Ke4 Ke6 46. Kd4
Qd6+ 47. Kxc4 Qc6+ 48. Kb3 Qb6+ 49. Kc3 Qc5+ 50. Kb2 Qe5+ 51. Qc3 Qd6 52. Qc4+
Ke7 53. Qe4+ Kf7 54. Qb7+ Kg6 55. Qe4+ Kf7 56. Qc4+ Ke7 57. Qe4+ Kf7 58. Qc2
Qe5+ 59. Qc3 Qd6 60. f4 Ke7 61. a3 Qb6+ 62. Qb4+ Qxb4+ 63. axb4 Kd6 64. Kc3 Kd5
65. Kb3 a6 66. e4+ Kc6 67. Kc4 Kd6 68. h4 g6 69. Kd4 h5 70. gxh5 gxh5 71. f5
Ke7 72. Kc5 Kd7 73. Kd5 Ke7 74. Kc6 Kd8 75. Kb6 Kc8 76. Kxa6 Kb8 77. Kb6 Kc8
78. Ka7 1-0

[Event "Ligue Elite du Dimanche - Final"]
[Site "Montreal CAN"]
[Date "2019.12.08"]
[Round "1.5"]
[White "Lim, Nicolas"]
[Black "Suda Lafontaine, Toma"]
[Result "0-1"]
[WhiteElo "1255"]
[BlackElo "1207"]
[PlyCount "82"]
[EventDate "2019.12.08"]
[EventType "team"]
[EventRounds "1"]
[EventCountry "CAN"]
[WhiteTeam "Allez les Bleus"]
[BlackTeam "Be4"]

1. c4 e5 2. g3 Nf6 3. Bg2 Be7 4. Nc3 O-O 5. Nf3 Nc6 6. O-O d6 7. Re1 Re8 8. d3
Be6 9. e4 Qd7 10. Nd5 Bd8 11. Bg5 Bxd5 12. cxd5 Nb8 13. Qb3 Qc8 14. Bh3 Nbd7
15. Bxf6 Bxf6 16. Bxd7 Qxd7 17. Qxb7 Reb8 18. Qc6 Qxc6 19. dxc6 Rxb2 20. Reb1
Rab8 21. Rc1 h6 22. Ne1 Bg5 23. Rd1 R8b6 24. Nf3 Be7 25. Rdc1 Kh7 26. h4 Kg6
27. Nh2 Rd2 28. Ng4 Rxd3 29. Ne3 Rb5 30. Rcb1 Ra5 31. Nd5 Bd8 32. Rb7 Rc5 33.
Rxa7 Rd4 34. f3 Rxc6 35. Rb1 f5 36. Rb4 Rd2 37. exf5+ Kxf5 38. Ne3+ Ke6 39. Rg4
Rc1+ 40. Nf1 Bf6 41. f4 Rdd1 0-1

[Event "Ligue Elite du Dimanche - Prelim."]
[Site "Montreal CAN"]
[Date "2019.09.22"]
[Round "1.1"]
[White "Rodrigue-Lemieux, Shawn"]
[Black "Huang, Qiuyu"]
[Result "0-1"]
[WhiteElo "2396"]
[BlackElo "2213"]
[PlyCount "94"]
[EventDate "2019.09.22"]
[EventType "team"]
[EventRounds "5"]
[EventCountry "CAN"]
[WhiteTeam "Be4"]
[BlackTeam "DeepBlue"]

1. Nc3 d5 2. e4 d4 3. Nce2 c5 4. d3 Nc6 5. g3 e5 6. Bg2 g6 7. Nf3 Bg7 8. O-O
Nge7 9. Nh4 O-O 10. f4 exf4 11. gxf4 f5 12. exf5 Nxf5 13. Nxf5 Bxf5 14. Ng3 Be6
15. Ne4 Bd5 16. Qg4 b6 17. Bd2 Ne7 18. Ng5 Bxg2 19. Qxg2 Qd7 20. Rae1 Nf5 21.
Qh3 h6 22. Ne4 Rae8 23. Kh1 Re6 24. Rg1 Qc6 25. Rg2 c4 26. Qg4 c3 27. bxc3 dxc3
28. Bc1 a5 29. h4 h5 30. Qh3 Nh6 31. Qf3 b5 32. Rg5 Rf5 33. Reg1 Ng4 34. Qg2
Rxg5 35. hxg5 Kh8 36. Rf1 Qd5 37. Qf3 Qxa2 38. f5 Qxc2 39. Bf4 gxf5 40. Qh3 Qe2
41. Qxh5+ Kg8 42. Ng3 Nf2+ 43. Kg2 Qxh5 44. Nxh5 Nxd3 45. Rd1 Nxf4+ 46. Nxf4
Rc6 47. Rd8+ Bf8 0-1

[Event "Ligue Elite du Dimanche - Prelim."]
[Site "Montreal CAN"]
[Date "2019.09.22"]
[Round "1.2"]
[White "Wu, Tony (Dongze)"]
[Black "Guipi Bopala, Prince Eric jr"]
[Result "1-0"]
[WhiteElo "2034"]
[BlackElo "1831"]
[PlyCount "69"]
[EventDate "2019.09.22"]
[EventType "team"]
[EventRounds "5"]
[EventCountry "CAN"]
[WhiteTeam "DeepBlue"]
[BlackTeam "Be4"]

1. d4 d5 2. Nf3 e6 3. g3 Nf6 4. Bg2 c5 5. O-O cxd4 6. Nxd4 Be7 7. c4 O-O 8. Qc2
Nc6 9. Nxc6 bxc6 10. Rd1 Qb6 11. Nc3 Ba6 12. Be3 Qc7 13. cxd5 cxd5 14. Qa4 Bb7
15. Rac1 Qd7 16. Qxd7 Nxd7 17. Nb5 a6 18. Rc7 Bc8 19. Na7 Bd6 20. Rc6 Bc5 21.
Rxc5 Nxc5 22. Bxc5 Re8 23. Nxc8 Rexc8 24. b4 a5 25. a3 axb4 26. axb4 Ra2 27. e4
dxe4 28. Bxe4 g6 29. Bb7 Rb8 30. Rd7 Rb2 31. Bd6 Rd2 32. Bxb8 Rxd7 33. Bc6 Rd1+
34. Kg2 Kf8 35. b5 1-0

[Event "Ligue Elite du Dimanche - Prelim."]
[Site "Montreal CAN"]
[Date "2019.09.22"]
[Round "1.3"]
[White "Wang, Rachel"]
[Black "Pelletier, Arnaud"]
[Result "1-0"]
[WhiteElo "1752"]
[BlackElo "1652"]
[PlyCount "61"]
[EventDate "2019.09.22"]
[EventType "team"]
[EventRounds "5"]
[EventCountry "CAN"]
[WhiteTeam "Be4"]
[BlackTeam "DeepBlue"]

1. d4 d5 2. c4 c6 3. Nc3 Nf6 4. Nf3 a6 5. e3 e6 6. Bd2 Nbd7 7. cxd5 cxd5 8. a4
Bd6 9. Bd3 O-O 10. O-O b6 11. Rc1 Bb7 12. Qe2 Re8 13. Na2 e5 14. dxe5 Nxe5 15.
Bc3 Nxd3 16. Qxd3 Ne4 17. Qd4 Nxc3 18. Nxc3 Bc5 19. Qd3 Re6 20. Rfd1 Rd6 21.
Rb1 d4 22. Nxd4 Bxd4 23. exd4 Qh4 24. Qg3 Qxg3 25. hxg3 Rad8 26. Ne2 Bd5 27. b3
Rc8 28. Rdc1 Rdc6 29. Rxc6 Rxc6 30. Nf4 Be6 31. d5 1-0

[Event "Ligue Elite du Dimanche - Prelim."]
[Site "Montreal CAN"]
[Date "2019.09.22"]
[Round "1.7"]
[White "Tanaka, Tyler"]
[Black "Saha, Ananda"]
[Result "1-0"]
[WhiteElo "2264"]
[BlackElo "2192"]
[PlyCount "97"]
[EventDate "2019.09.22"]
[EventType "team"]
[EventRounds "5"]
[EventCountry "CAN"]
[WhiteTeam "Les Roches Canadiennes"]
[BlackTeam "Desperados"]

1. c4 e6 2. g3 f5 3. Bg2 Nf6 4. Nc3 Be7 5. d4 O-O 6. Nf3 d6 7. Qc2 a5 8. e4 e5
9. dxe5 dxe5 10. Nxe5 Bd6 11. f4 fxe4 12. O-O Bf5 13. Kh1 Nbd7 14. Nxd7 Qxd7
15. Nxe4 Rae8 16. Nxf6+ Rxf6 17. Qf2 Qe7 18. Bd2 Bc5 19. Qf3 c6 20. Rae1 Re6
21. Rxe6 Qxe6 22. Bxa5 Bg4 23. Qc3 Qd7 24. Qd2 Qxd2 25. Bxd2 Re2 26. Bc3 Rc2
27. Be4 Re2 28. Bf3 Bxf3+ 29. Rxf3 Be3 30. Rf1 Bd2 31. Be5 Kf7 32. b3 g6 33.
Bd4 Re4 34. Bc5 Ke6 35. Kg2 Kf5 36. Kf3 h5 37. Rd1 Bc3 38. h3 Re8 39. Rd3 Bb2
40. Rd6 Re6 41. g4+ hxg4+ 42. hxg4+ Kf6 43. Rxe6+ Kxe6 44. Ke4 b5 45. f5+ gxf5+
46. gxf5+ Kf7 47. Bd4 Ba3 48. cxb5 cxb5 49. Kd5 1-0

[Event "Ligue Elite du Dimanche - Prelim."]
[Site "Montreal CAN"]
[Date "2019.09.22"]
[Round "1.8"]
[White "Steinberg, Ellis"]
[Black "Abdelaal, Ibrahim"]
[Result "1-0"]
[WhiteElo "2007"]
[BlackElo "2045"]
[PlyCount "93"]
[EventDate "2019.09.22"]
[EventType "team"]
[EventRounds "5"]
[EventCountry "CAN"]
[WhiteTeam "Desperados"]
[BlackTeam "Les Roches Canadiennes"]

1. e4 d5 2. exd5 Nf6 3. Be2 Nxd5 4. d4 Bf5 5. a3 e6 6. c4 Nf6 7. Nc3 Be7 8. Nf3
O-O 9. O-O Nbd7 10. Nh4 Bg6 11. Nxg6 hxg6 12. Bf4 Nb6 13. Qd3 c5 14. dxc5 Qxd3
15. Bxd3 Bxc5 16. b4 Bd4 17. Rac1 Bxc3 18. Rxc3 Rfd8 19. Be2 Rac8 20. Rfc1 Rd4
21. Be3 Rd7 22. Bf3 Rdc7 23. Bxb6 axb6 24. Kf1 Kf8 25. c5 Ke7 26. c6 bxc6 27.
Rxc6 Rxc6 28. Rxc6 Rxc6 29. Bxc6 Kd6 30. Bf3 b5 31. Ke2 Nd5 32. Kd2 f5 33. Kc2
Nb6 34. Be2 Kc6 35. f4 Nd7 36. Kb3 Nb6 37. h4 Na4 38. h5 gxh5 39. Bxh5 Nb6 40.
Be8+ Nd7 41. a4 bxa4+ 42. Kxa4 Kc7 43. Bxd7 Kxd7 44. Kb5 e5 45. fxe5 g5 46. Kc4
f4 47. Kd4 1-0

[Event "Ligue Elite du Dimanche - Prelim."]
[Site "Montreal CAN"]
[Date "2019.09.22"]
[Round "1.9"]
[White "Lafleche, Alain"]
[Black "Alcantara, Maximo jr"]
[Result "1/2-1/2"]
[WhiteElo "1604"]
[BlackElo "1688"]
[PlyCount "84"]
[EventDate "2019.09.22"]
[EventType "team"]
[EventRounds "5"]
[EventCountry "CAN"]
[WhiteTeam "Les Roches Canadiennes"]
[BlackTeam "Desperados"]

1. e4 Nc6 2. d4 e5 3. Nf3 exd4 4. Nxd4 Nxd4 5. Qxd4 Qf6 6. Be3 c5 7. Qc3 b6 8.
Bc4 Bb7 9. f3 Bd6 10. Qxf6 Nxf6 11. Nc3 a6 12. O-O-O Bc7 13. Bd5 Nxd5 14. Nxd5
Bxd5 15. Rxd5 O-O-O 16. g4 Rhe8 17. h4 Re5 18. Rhd1 Rxd5 19. Rxd5 Re8 20. g5
Re5 21. Rd1 Re8 22. Rd5 Re5 23. Rd1 Re8 24. h5 g6 25. hxg6 hxg6 26. Rh1 d5 27.
Rh4 dxe4 28. fxe4 Bg3 29. Rg4 Be5 30. Rh4 Rh8 31. Rxh8+ Bxh8 32. c3 Kd7 33. Kc2
Kc6 34. a4 b5 35. axb5+ axb5 36. Bf4 c4 37. Kd2 b4 38. Be3 bxc3+ 39. bxc3 Be5
40. Bd4 Bf4+ 41. Be3 Be5 42. Bd4 Bf4+ 1/2-1/2

[Event "Ligue Elite du Dimanche - Prelim."]
[Site "Montreal CAN"]
[Date "2019.09.22"]
[Round "1.14"]
[White "Nunez-Painchaud, Raphael"]
[Black "Yan, Alex Jikai"]
[Result "1/2-1/2"]
[WhiteElo "2148"]
[BlackElo "1871"]
[PlyCount "136"]
[EventDate "2019.09.22"]
[EventType "team"]
[EventRounds "5"]
[EventCountry "CAN"]
[WhiteTeam "Kingscrusher"]
[BlackTeam "Allez les Bleus"]

1. Nf3 Nf6 2. g3 d5 3. d4 Bf5 4. Bg2 e6 5. c4 c5 6. O-O Nc6 7. Qa4 Bd6 8. cxd5
exd5 9. dxc5 Bxc5 10. b4 Bb6 11. Bb2 O-O 12. b5 Na5 13. Nbd2 Rc8 14. Rac1 Ne4
15. Nxe4 Bxe4 16. Nh4 Bxg2 17. Qg4 f6 18. Nf5 Rc7 19. Rxc7 Qxc7 20. Rc1 Nc4 21.
Kxg2 g6 22. e4 Qd8 23. Bd4 Kh8 24. Bxb6 Nxb6 25. Nd4 Re8 26. exd5 Qxd5+ 27. Nf3
Re4 28. Qh3 Rc4 29. Re1 Rc3 30. Qg4 Rc4 31. Qe6 Qxe6 32. Rxe6 Rb4 33. Re8+ Kg7
34. Re7+ Kg8 35. Rxb7 Ra4 36. Nd2 f5 37. Nf3 Rxa2 38. Ng5 h5 39. Ne6 Nd5 40.
Kf3 Ra3+ 41. Ke2 Nc3+ 42. Kf1 Kh8 43. h4 Ra1+ 44. Kg2 Ne4 45. Nf4 Ra2 46. Nxg6+
Kg8 47. Nf4 Rxf2+ 48. Kg1 Rb2 49. Nxh5 Rb1+ 50. Kg2 Nd6 51. Rxa7 Rxb5 52. Kf3
Rb4 53. Nf6+ Kf8 54. h5 Nf7 55. Nd7+ Ke8 56. Nf6+ Kf8 57. Nd7+ Ke8 58. Nc5 Ng5+
59. Kf2 Rb2+ 60. Ke3 Rh2 61. Kf4 Rxh5 62. Nd3 Nh3+ 63. Kf3 Ng5+ 64. Ke3 Ne4 65.
Kf4 Rg5 66. Ne5 Rxg3 67. Kxf5 Nc5 68. Kf6 Kd8 1/2-1/2

[Event "Ligue Elite du Dimanche - Prelim."]
[Site "Montreal CAN"]
[Date "2019.09.22"]
[Round "1.15"]
[White "Wang, Isabelle"]
[Black "Farahdel, Anahita"]
[Result "0-1"]
[WhiteElo "1692"]
[BlackElo "1551"]
[PlyCount "102"]
[EventDate "2019.09.22"]
[EventType "team"]
[EventRounds "5"]
[EventCountry "CAN"]
[WhiteTeam "Allez les Bleus"]
[BlackTeam "Kingscrusher"]

1. e4 c6 2. d4 d5 3. exd5 cxd5 4. Bd3 Nf6 5. Nf3 Nc6 6. c3 Bg4 7. O-O e6 8. h3
Bh5 9. Bf4 Qb6 10. Qb3 Qxb3 11. axb3 Bxf3 12. gxf3 g5 13. Bg3 Kd7 14. Nd2 Nh5
15. Kh2 f5 16. Be5 Nxe5 17. dxe5 Bg7 18. Rfe1 Nf4 19. Bb5+ Kc7 20. b4 a6 21.
Bf1 Ng6 22. b5 Bxe5+ 23. Kg1 axb5 24. Bxb5 Rxa1 25. Rxa1 Nf4 26. Bf1 Bd6 27.
Nb3 Rg8 28. Nd4 Bc5 29. b4 Bxd4 30. cxd4 Rc8 31. b5 Kb6 32. Kh2 h5 33. h4 gxh4
34. Ra2 Rc1 35. Be2 Re1 36. Rb2 Rxe2 37. Rxe2 Nxe2 38. Kh3 Nxd4 39. Kxh4 Nxf3+
40. Kxh5 d4 41. Kg6 d3 42. Kf6 d2 43. Kxe6 d1=Q 44. Ke7 Qd5 45. Kf6 Qe5+ 46.
Kg6 Qe6+ 47. Kh7 Ng5+ 48. Kg7 Ne4 49. f3 Kc5 50. b6 Kxb6 51. Kh8 Qh6+ 0-1

[Event "Ligue Elite du Dimanche - Prelim."]
[Site "Montreal CAN"]
[Date "2019.10.29"]
[Round "2.1"]
[White "Huang, Qiuyu"]
[Black "Zhong, Kevin"]
[Result "1/2-1/2"]
[WhiteElo "2213"]
[BlackElo "2217"]
[PlyCount "27"]
[EventDate "2019.09.22"]
[EventType "team"]
[EventRounds "5"]
[EventCountry "CAN"]
[WhiteTeam "DeepBlue"]
[BlackTeam "Kingscrusher"]

1. e4 c5 2. Nf3 Nc6 3. d4 cxd4 4. Nxd4 Nf6 5. Nc3 d6 6. Bg5 e6 7. Qd2 Be7 8.
O-O-O O-O 9. f4 Nxd4 10. Qxd4 Qa5 11. Kb1 h6 12. Bh4 e5 13. Qd2 Bg4 14. Nd5
1/2-1/2

[Event "Ligue Elite du Dimanche - Prelim."]
[Site "Montreal CAN"]
[Date "2019.09.29"]
[Round "2.2"]
[White "Nunez-Painchaud, Raphael"]
[Black "Wu, Tony (Dongze)"]
[Result "1-0"]
[WhiteElo "2148"]
[BlackElo "2034"]
[PlyCount "81"]
[EventDate "2019.09.22"]
[EventType "team"]
[EventRounds "5"]
[EventCountry "CAN"]
[WhiteTeam "Kingscrusher"]
[BlackTeam "DeepBlue"]

1. c4 e5 2. g3 c6 3. d4 d6 4. Nc3 Nd7 5. Bg2 f5 6. Nf3 e4 7. Ng5 Nb6 8. b3 Qf6
9. O-O d5 10. f3 Bb4 11. Nb1 e3 12. Bxe3 dxc4 13. Nh3 cxb3 14. Qxb3 Qe6 15. Nf4
Qxb3 16. axb3 Nf6 17. Nd3 Nbd5 18. Bf2 b5 19. Rc1 Bd6 20. Rxc6 Kd7 21. Rc2 Bb7
22. e4 Nb4 23. Nc5+ Kd8 24. Rc3 Bc6 25. Na6 Kd7 26. e5 Nfd5 27. Rxc6 Nxc6 28.
exd6 f4 29. Nd2 Ncb4 30. Ne4 Nxa6 31. Bh3+ Kc6 32. Rxa6+ Nb6 33. Ra1 fxg3 34.
Rc1+ Nc4 35. hxg3 a5 36. bxc4 b4 37. d5+ Kb7 38. Nc5+ Kb8 39. Rb1 Re8 40. Be6
Rd8 41. g4 1-0

[Event "Ligue Elite du Dimanche - Prelim."]
[Site "Montreal CAN"]
[Date "2019.09.29"]
[Round "2.3"]
[White "Pelletier, Arnaud"]
[Black "Farahdel, Anahita"]
[Result "1-0"]
[WhiteElo "1652"]
[BlackElo "1551"]
[PlyCount "67"]
[EventDate "2019.09.22"]
[EventType "team"]
[EventRounds "5"]
[EventCountry "CAN"]
[WhiteTeam "DeepBlue"]
[BlackTeam "Kingscrusher"]

1. c4 e5 2. g3 Nf6 3. Bg2 Bc5 4. Nc3 d6 5. e3 Nc6 6. Nge2 Bf5 7. d4 exd4 8.
exd4 Bb6 9. a3 O-O 10. O-O Re8 11. b4 a6 12. Ra2 Bg4 13. Qd3 Rb8 14. Rd2 Qd7
15. Ne4 Nxe4 16. Bxe4 Bxe2 17. Rxe2 Nxd4 18. Bxh7+ Kh8 19. Rxe8+ Qxe8 20. Bb2
Qe2 21. Bxd4 Qxd3 22. Bxd3 Bxd4 23. Re1 f6 24. Re7 c6 25. Kg2 Bb2 26. a4 Ba3
27. b5 d5 28. Rd7 dxc4 29. Bxc4 cxb5 30. axb5 axb5 31. Bxb5 b6 32. g4 Bc5 33.
Rd5 Ra8 34. Rh5+ 1-0